000 00571nam a2200217Ia 4500
003 GCL
008 140319s9999 xx 000 0 eng d
040 _aGCL /
_cGCL
082 0 4 _a811
_bA A
100 1 _aABDEL WAHID, ABDUL RAZZAQ
245 1 0 _aABDUL RAZZAQ ABDUL WAHID:POEMS /
_cABDEL WAHID, ABDUL RAZZAQ
700 1 _aAL-ALEAQ, ALI J.
700 1 _aDARWEESH,MOHAMMED
260 _a[S.N] :
_bDAR AL- MAMUN ،
_c1989
300 _a82P
650 0 4 _aLITERATURE
650 0 4 _aPOEMS
650 0 4 _aARABIC POETRY
650 0 4 _aARABIC LITERATURE
942 _2ddc
_cBK
999 _c11947
_d11947